Instrumental methods for analysis of soils and plants tissue /

Guardado en:
Otros Autores: Walsh, L. M. 1931-, (ed.)
Formato: Libro
Idioma:English
Publicado: Madison, Wis. : Soil Science Society of America, 1971.
Etiquetas: Agregar Etiqueta
Sin Etiquetas, Sea el primero en etiquetar este registro!
LEADER 00568nam a22001335a 4500
001 EEA.libagro001645
008 130809s1971####xxua##########000#0#eng#d
005 20191112125540.0
245 1 0 |a Instrumental methods for analysis of soils and plants tissue /  |c Edited by L. M. Walsh. Managing editors: Richard C. Dinauer [and] Barbara B. Wilson. 
260 |a Madison, Wis. :  |b Soil Science Society of America,  |c 1971. 
300 |a xiv, 222 p. :  |b il. ;  |c 23 cm. 
700 1 |a Walsh, L. M.  |q (Leo Marcellus),  |d 1931-,  |e ed. 
082 0 4 |a 631.4 
859 |a AR-BbBCA  |b BIB. AGRONOMIA  |h 631.4  |i W225  |p 1974/0214